[Event "BCF-chT2 2223 (4NCL)"]
[Site "England"]
[Date "2023.02.12"]
[Round "6.45"]
[White "Jones, Christopher M"]
[Black "Gordon, Frederick"]
[Result "0-1"]
[WhiteElo "2117"]
[BlackElo "2069"]
[PlyCount "58"]
[EventDate "2022.10.22"]
[EventType "team-tourn"]
[EventRounds "11"]
[EventCountry "ENG"]
[SourceTitle "EXT 2024"]
[Source "ChessBase"]
[SourceDate "2023.10.10"]
[SourceVersion "1"]
[SourceVersionDate "2023.10.10"]
[SourceQuality "1"]
[WhiteTeam "The Rookies"]
[BlackTeam "Alba"]
[WhiteTeamCountry "ENG"]
[BlackTeamCountry "ENG"]

1. e4 c5 2. Nc3 g6 3. f4 Bg7 4. Nf3 Nc6 5. Bc4 e6 6. d3 Nge7 7. 0-0 d5 8. Bb3 0-0 9. Qe1 Nd4 10. Qh4 Nec6 11. Qxd8 Rxd8 12. exd5 exd5 13. Nxd4 Nxd4 14. Na4 c4 15. dxc4 dxc4 16. c3 Ne2+ 17. Kf2 Nxc1 18. Bxc4 Nd3+ 19. Ke3 Bd7 20. Bxd3 Bxa4 21. Be4 f5 22. Bf3 Bf8 23. b4 Rac8 24. Rac1 Bb5 25. Rfd1 Rxd1 26. Bxd1 Bxb4 27. c4 Bc5+ 28. Kf3 Bc6+ 29. Kg3 Rd8 0-1

[Event "BCF-chT2 2223 (4NCL)"]
[Site "England"]
[Date "2023.01.14"]
[Round "3.16"]
[White "Jones, Christopher M"]
[Black "Smith, Lynda"]
[Result "1-0"]
[WhiteElo "2117"]
[BlackElo "1820"]
[PlyCount "71"]
[EventDate "2022.10.22"]
[EventType "team-tourn"]
[EventRounds "11"]
[EventCountry "ENG"]
[SourceTitle "EXT 2024"]
[Source "ChessBase"]
[SourceDate "2023.10.10"]
[SourceVersion "1"]
[SourceVersionDate "2023.10.10"]
[SourceQuality "1"]
[WhiteTeam "The Rookies"]
[BlackTeam "The ADS"]
[WhiteTeamCountry "ENG"]
[BlackTeamCountry "ENG"]

1. e4 c5 2. Nc3 e6 3. Nf3 d5 4. exd5 exd5 5. d4 Nf6 6. Bb5+ Bd7 7. Bxd7+ Nbxd7 8. 0-0 Be7 9. dxc5 Nxc5 10. Nd4 0-0 11. Nf5 Re8 12. Bg5 Nce4 13. Nxe7+ Rxe7 14. Nxe4 dxe4 15. Bxf6 Qxd1 16. Raxd1 gxf6 17. Rd6 Kg7 18. Rfd1 Rc8 19. c3 Rcc7 20. Kf1 Rc5 21. Rd7 Rc7 22. Rxc7 Rxc7 23. Ke2 Rc6 24. Ke3 Rb6 25. b3 f5 26. Kf4 Kg6 27. c4 a5 28. Rd4 Rb4 29. Rd6+ f6 30. Rd5 a4 31. Rb5 Rxb5 32. cxb5 axb3 33. axb3 b6 34. b4 h6 35. h3 e3 36. fxe3 1-0

[Event "BCF-chT2 2223 (4NCL)"]
[Site "England"]
[Date "2022.10.22"]
[Round "1.52"]
[White "Jones, Christopher M"]
[Black "Willson, Ollie"]
[Result "1/2-1/2"]
[WhiteElo "2117"]
[BlackElo "2135"]
[PlyCount "41"]
[EventDate "2022.10.22"]
[EventType "team-tourn"]
[EventRounds "11"]
[EventCountry "ENG"]
[SourceTitle "EXT 2024"]
[Source "ChessBase"]
[SourceDate "2023.10.10"]
[SourceVersion "1"]
[SourceVersionDate "2023.10.10"]
[SourceQuality "1"]
[WhiteTeam "The Rookies"]
[BlackTeam "Sussex Martlets"]
[WhiteTeamCountry "ENG"]
[BlackTeamCountry "ENG"]

1. e4 e5 2. Nf3 Nc6 3. Nc3 Nf6 4. d4 exd4 5. Nxd4 Bb4 6. Nxc6 bxc6 7. Bd3 d5 8. exd5 0-0 9. 0-0 cxd5 10. Bg5 c6 11. Qf3 h6 12. Bxf6 Qxf6 13. Qxf6 gxf6 14. Ne2 Bd6 15. Ng3 Rb8 16. Rab1 c5 17. c4 dxc4 18. Bxc4 Bxg3 19. fxg3 Be6 20. b3 Bxc4 21. bxc4 1/2-1/2

[Event "BCF-chT3Sa 1920 (4NCL)"]
[Site "England"]
[Date "2020.01.12"]
[Round "4.43"]
[White "Jones, Christopher M"]
[Black "Foster, Cyril"]
[Result "1/2-1/2"]
[WhiteElo "2120"]
[BlackElo "1832"]
[PlyCount "92"]
[EventDate "2019.11.09"]
[EventType "team-tourn"]
[EventRounds "11"]
[EventCountry "ENG"]
[SourceTitle "EXT 2023"]
[Source "ChessBase"]
[SourceDate "2022.10.05"]
[SourceVersion "1"]
[SourceVersionDate "2022.10.05"]
[SourceQuality "1"]
[WhiteTeam "The Rookies"]
[BlackTeam "Oxford III"]
[WhiteTeamCountry "ENG"]
[BlackTeamCountry "ENG"]

1. e4 c6 2. Nc3 d5 3. Nf3 Nf6 4. e5 Ne4 5. d4 Nxc3 6. bxc3 e6 7. Bd3 Be7 8. 0-0 0-0 9. c4 b6 10. cxd5 cxd5 11. Qe2 Nc6 12. c3 Bd7 13. Nd2 Qc7 14. f4 f6 15. Qh5 f5 16. Nf3 Nd8 17. Bd2 Nf7 18. Rac1 b5 19. Ng5 Nxg5 20. fxg5 g6 21. Qe2 a6 22. h4 Rfc8 23. Rf3 Be8 24. Rh3 Qb6 25. Qf2 Qa5 26. c4 Qxa2 27. c5 a5 28. Qe1 b4 29. Bc2 Qb2 30. Qe3 Rcb8 31. Bd1 a4 32. h5 a3 33. hxg6 Bxg6 34. Rc2 Qxc2 35. Bxc2 a2 36. Rf3 a1Q+ 37. Rf1 Qb2 38. Bd3 Ra1 39. Bc1 Qc3 40. Kh2 Bxg5 41. Qxg5 Qxd3 42. Rf3 Qxd4 43. Qf6 Rxc1 44. Qxe6+ Kh8 45. Qf6+ Kg8 46. Qe6+ Kh8 1/2-1/2

[Event "BCF-chT3Sb 1819 (4NCL)"]
[Site "England"]
[Date "2019.02.10"]
[Round "6.62"]
[White "Jones, Christopher M"]
[Black "Farrand, Tom"]
[Result "1/2-1/2"]
[WhiteElo "2107"]
[BlackElo "2165"]
[PlyCount "63"]
[EventDate "2018.11.17"]
[EventType "team-tourn"]
[EventRounds "7"]
[EventCountry "ENG"]
[SourceTitle "EXT 2021"]
[Source "ChessBase"]
[SourceDate "2020.10.23"]
[SourceVersion "1"]
[SourceVersionDate "2020.10.23"]
[SourceQuality "1"]
[WhiteTeam "The Rookies"]
[BlackTeam "CSC"]
[WhiteTeamCountry "ENG"]
[BlackTeamCountry "ENG"]

1. e4 c5 2. Nc3 Nc6 3. f4 g6 4. Nf3 Bg7 5. Bc4 e6 6. 0-0 Nge7 7. d3 d5 8. Bb3 0-0 9. Qe1 b6 10. Qh4 Nd4 11. f5 dxe4 12. fxg6 Nxg6 13. Qxe4 Rb8 14. Ng5 Bb7 15. Qe1 Nxb3 16. axb3 Qd4+ 17. Be3 Qg4 18. Nce4 Nh4 19. Qg3 Qxg3 20. hxg3 Nf5 21. Bf4 Ra8 22. Nd6 Nxd6 23. Bxd6 Bxb2 24. Bxf8 Bxa1 25. Rxa1 Rxf8 26. Rxa7 Rb8 27. Kf2 Kg7 28. Ke3 e5 29. Ne4 Bd5 30. Rd7 Be6 31. Ra7 Bd5 32. Rd7 1/2-1/2

[Event "BCF-chT3Sa 1617 (4NCL)"]
[Site "England"]
[Date "2017.02.11"]
[Round "5.11"]
[White "Mihalik, Agoston"]
[Black "Jones, Christopher M"]
[Result "1/2-1/2"]
[WhiteElo "2159"]
[BlackElo "2114"]
[PlyCount "86"]
[EventDate "2016.11.26"]
[EventType "team-tourn"]
[EventRounds "11"]
[EventCountry "ENG"]
[SourceTitle "EXT 2019"]
[Source "ChessBase"]
[SourceDate "2018.10.10"]
[SourceVersion "1"]
[SourceVersionDate "2018.10.10"]
[SourceQuality "1"]
[WhiteTeam "Brown Jack"]
[BlackTeam "The Rookies"]
[WhiteTeamCountry "ENG"]
[BlackTeamCountry "ENG"]

1. e4 e5 2. Nf3 Nc6 3. Bb5 f5 4. Nc3 Nf6 5. exf5 Bc5 6. 0-0 0-0 7. Nxe5 Nxe5 8. d4 Bd6 9. dxe5 Bxe5 10. Bd3 d5 11. Re1 Bxc3 12. bxc3 c5 13. c4 Kh8 14. cxd5 Qxd5 15. c4 Qc6 16. Bf4 Bd7 17. Qc2 Rae8 18. h3 a6 19. Re3 b5 20. Rae1 Rxe3 21. Bxe3 b4 22. Bf4 a5 23. Re7 a4 24. Be5 Re8 25. Rxe8+ Bxe8 26. Qe2 Bf7 27. g4 h6 28. h4 h5 29. f3 hxg4 30. fxg4 Qe8 31. Kf1 Nd7 32. Ba1 Qb8 33. Qe3 Qd6 34. g5 Qh2 35. Be2 Qh1+ 36. Qg1 Qxh4 37. g6 Bxc4 38. Qe3 Qh1+ 39. Kf2 Qh2+ 40. Ke1 Qxe2+ 41. Qxe2 Bxe2 42. Kxe2 c4 43. Bd4 Nf6 1/2-1/2

[Event "BCF-chT3 1415 (4NCL)"]
[Site "England"]
[Date "2015.05.02"]
[Round "10.99"]
[White "Jones, Christopher M"]
[Black "McDonagh, Michael"]
[Result "1-0"]
[WhiteElo "2077"]
[BlackElo "1794"]
[PlyCount "59"]
[EventDate "2015.03.21"]
[EventType "team-swiss"]
[EventRounds "11"]
[EventCountry "ENG"]
[SourceTitle "EXT 2016"]
[Source "ChessBase"]
[SourceDate "2015.10.08"]
[SourceVersion "1"]
[SourceVersionDate "2015.10.08"]
[SourceQuality "1"]
[WhiteTeam "The Rookies"]
[BlackTeam "Spirit of Atticus II"]
[WhiteTeamCountry "ENG"]
[BlackTeamCountry "ENG"]

1. e4 e6 2. c4 d5 3. cxd5 exd5 4. exd5 Nf6 5. Nc3 Be7 6. Nf3 0-0 7. Be2 Nbd7 8. d4 Nb6 9. 0-0 Nbxd5 10. Ne5 c6 11. Bg5 Re8 12. Re1 Be6 13. Bd3 Qb6 14. Na4 Qa5 15. a3 Rad8 16. Rc1 a6 17. b4 Qc7 18. Nc5 Bc8 19. Bc4 Bf5 20. Qf3 Bg6 21. Qb3 Rf8 22. Nxg6 hxg6 23. Rcd1 Rd6 24. Bh4 Qc8 25. Bxd5 g5 26. Bxf7+ Rxf7 27. Rxe7 Nd5 28. Rxf7 Kxf7 29. Bg3 Rf6 30. Ne4 1-0

[Event "BCF-chT3S 1415 (4NCL)"]
[Site "England"]
[Date "2015.01.11"]
[Round "4.56"]
[White "Jones, Christopher M"]
[Black "Edgell, Ben P"]
[Result "0-1"]
[WhiteElo "2077"]
[BlackElo "2133"]
[PlyCount "94"]
[EventDate "2014.11.15"]
[EventType "team-swiss"]
[EventRounds "6"]
[EventCountry "ENG"]
[SourceTitle "EXT 2016"]
[Source "ChessBase"]
[SourceDate "2015.10.08"]
[SourceVersion "1"]
[SourceVersionDate "2015.10.08"]
[SourceQuality "1"]
[WhiteTeam "The Rookies"]
[BlackTeam "West is Best"]
[WhiteTeamCountry "ENG"]
[BlackTeamCountry "ENG"]

1. e4 e5 2. Nf3 Nc6 3. Nc3 Nf6 4. d4 exd4 5. Nxd4 Bb4 6. Nxc6 bxc6 7. Bd3 0-0 8. 0-0 d5 9. exd5 cxd5 10. Re1 Bg4 11. Be2 Bxe2 12. Rxe2 c6 13. Bf4 Bxc3 14. bxc3 Ne4 15. Qd4 Qb6 16. Ree1 Rfe8 17. Rab1 Qxd4 18. cxd4 Nc3 19. Rxe8+ Rxe8 20. Rb8 Rxb8 21. Bxb8 a5 22. a4 Nxa4 23. Bc7 Nc3 24. Bxa5 Ne2+ 25. Kf1 Nxd4 26. c3 Ne6 27. Ke2 Kf8 28. Kd3 Ke7 29. c4 Kd6 30. cxd5 Kxd5 31. g3 f5 32. f3 c5 33. g4 c4+ 34. Kc3 Nd4 35. gxf5 Nxf3 36. Bb6 Nh4 37. f6 gxf6 38. Bd8 Nf3 39. Bxf6 Nxh2 40. Kd2 Ng4 41. Bb2 h5 42. Ke2 Ke4 43. Kf1 Kf3 44. Kg1 h4 45. Kh1 h3 46. Bc3 Ke3 47. Be1 Nf2+ 0-1

[Event "BCF-chT3 1213 (4NCL)"]
[Site "England"]
[Date "2013.05.05"]
[Round "10.85"]
[White "Jones, Christopher M"]
[Black "Onley, David E"]
[Result "1/2-1/2"]
[WhiteElo "2072"]
[BlackElo "2106"]
[PlyCount "105"]
[EventDate "2012.11.03"]
[EventType "team-swiss"]
[EventRounds "11"]
[EventCountry "ENG"]
[SourceTitle "EXT 2014"]
[Source "ChessBase"]
[SourceDate "2013.11.20"]
[SourceVersion "1"]
[SourceVersionDate "2013.11.20"]
[SourceQuality "1"]
[WhiteTeam "The Rookies"]
[BlackTeam "FCA Solutions"]
[WhiteTeamCountry "ENG"]
[BlackTeamCountry "ENG"]

1. e4 c5 2. Nc3 Nc6 3. f4 g6 4. Nf3 Bg7 5. Bc4 e6 6. 0-0 Nge7 7. d3 0-0 8. Qe1 Nd4 9. Nxd4 cxd4 10. Ne2 d5 11. Bb3 dxe4 12. dxe4 b5 13. Ng3 a5 14. a4 bxa4 15. Bxa4 d3 16. cxd3 Qxd3 17. Kh1 Bb7 18. Ra3 Qc4 19. b3 Qb4 20. Ra2 Qxe1 21. Rxe1 Rfd8 22. Rc2 Rac8 23. Rxc8 Nxc8 24. Be3 Rd3 25. Bf2 h5 26. Nf1 Bc3 27. Rc1 Nd6 28. e5 Ne4 29. Kg1 Nxf2 30. Kxf2 Be4 31. Ke2 Bb4 32. Rc7 Rd8 33. g3 Bg2 34. Kf2 Be4 35. h3 Kf8 36. g4 h4 37. Rd7 Rxd7 38. Bxd7 Bc5+ 39. Ne3 Bxe3+ 40. Kxe3 Bg2 41. Bb5 Bxh3 42. Kf3 Ke7 43. Be2 f5 44. exf6+ Kxf6 45. Bc4 g5 46. fxg5+ Kxg5 47. Bxe6 Bf1 48. Bc4 a4 49. Be6 Bb5 50. bxa4 Bc6+ 51. Kf2 Kf4 52. g5 Kxg5 53. Kg1 1/2-1/2

[Event "BCF-chT3 1213 (4NCL)"]
[Site "England"]
[Date "2013.05.04"]
[Round "9.66"]
[White "Jones, Steven"]
[Black "Jones, Christopher M"]
[Result "1-0"]
[WhiteElo "2025"]
[BlackElo "2072"]
[PlyCount "135"]
[EventDate "2012.11.03"]
[EventType "team-swiss"]
[EventRounds "11"]
[EventCountry "ENG"]
[SourceTitle "EXT 2014"]
[Source "ChessBase"]
[SourceDate "2013.11.20"]
[SourceVersion "1"]
[SourceVersionDate "2013.11.20"]
[SourceQuality "1"]
[WhiteTeam "Bradford DCA Knights"]
[BlackTeam "The Rookies"]
[WhiteTeamCountry "ENG"]
[BlackTeamCountry "ENG"]

1. e4 e5 2. Nf3 Nc6 3. Bb5 a6 4. Ba4 Nf6 5. 0-0 b5 6. Bb3 Be7 7. Re1 0-0 8. a4 b4 9. d4 d6 10. h3 Bb7 11. c3 bxc3 12. bxc3 Nd7 13. a5 Bf6 14. d5 Ne7 15. Ba3 Ng6 16. g3 Be7 17. Nbd2 f5 18. exf5 Rxf5 19. Bc2 Rf7 20. c4 Qf8 21. Rb1 Bc8 22. Kg2 Nc5 23. Bxc5 dxc5 24. Be4 Bf5 25. Rb7 Qc8 26. Bxf5 Rxf5 27. Rb3 Qd7 28. Rbe3 Raf8 29. Ne4 h6 30. Qb3 Bd6 31. Rc1 Ne7 32. Qb7 R5f7 33. g4 Ng6 34. Rcc3 Qa4 35. Qxa6 Qa1 36. Re1 Qa2 37. Kg3 Nf4 38. Nfd2 Rb8 39. Rf3 Rb2 40. Nxd6 cxd6 41. Ne4 Ne2+ 42. Rxe2 Rxf3+ 43. Kxf3 Rxe2 44. Qc8+ Kh7 45. Qf5+ Kh8 46. Qf8+ Kh7 47. Qf7 Kh8 48. g5 hxg5 49. Qf8+ Kh7 50. Qxd6 Rxe4 51. Kxe4 Qxa5 52. Qxe5 Qe1+ 53. Kf5 Qxf2+ 54. Ke6 Kg8 55. Kd7 Qg2 56. Qe6+ Kh7 57. Kc6 Qa2 58. d6 Qa8+ 59. Kxc5 Qa5+ 60. Kc6 Qa6+ 61. Kc7 Qa7+ 62. Kd8 Qb6+ 63. Ke7 Qc5 64. Kf7 Qf2+ 65. Ke8 g4 66. d7 g3 67. d8Q g2 68. Qg5 1-0

[Event "BCF-chT3S 1213 (4NCL)"]
[Site "England"]
[Date "2013.01.12"]
[Round "3.116"]
[White "Lawson, Maurice Elliot"]
[Black "Jones, Christopher M"]
[Result "1-0"]
[WhiteElo "1902"]
[BlackElo "2072"]
[PlyCount "111"]
[EventDate "2012.11.03"]
[EventType "team-swiss"]
[EventRounds "6"]
[EventCountry "ENG"]
[SourceTitle "EXT 2014"]
[Source "ChessBase"]
[SourceDate "2013.11.20"]
[SourceVersion "1"]
[SourceVersionDate "2013.11.20"]
[SourceQuality "1"]
[WhiteTeam "BCM Hippos III"]
[BlackTeam "The Rookies"]
[WhiteTeamCountry "ENG"]
[BlackTeamCountry "ENG"]

1. e4 e5 2. Nf3 Nf6 3. Nxe5 d6 4. Nf3 Nxe4 5. Nc3 Nxc3 6. dxc3 Be7 7. Be3 Nc6 8. Qd2 Be6 9. h4 Ne5 10. Ng5 Qd7 11. b3 a5 12. Bd4 Bf6 13. Ne4 Qe7 14. Nxf6+ gxf6 15. 0-0-0 0-0-0 16. c4 Nc6 17. Bb2 d5 18. Qf4 d4 19. Bd3 a4 20. Be4 a3 21. Ba1 Nb4 22. Kb1 c5 23. c3 dxc3 24. Bxc3 Rxd1+ 25. Rxd1 Rd8 26. Rxd8+ Qxd8 27. Bxb4 cxb4 28. Kc2 h6 29. Qe3 Kb8 30. Qc5 f5 31. Bd5 Qh8 32. Qd6+ Ka7 33. Qxb4 Qb2+ 34. Kd3 Qb1+ 35. Kd4 Qb2+ 36. Kd3 Qb1+ 37. Ke3 f4+ 38. Kd4 Qb2+ 39. Ke4 Qe2+ 40. Kxf4 Qxf2+ 41. Bf3 Qxh4+ 42. Ke3 Qg5+ 43. Kf2 Bc8 44. Qxa3+ Kb8 45. Qd6+ Ka8 46. Qa6+ Kb8 47. Qd6+ Ka7 48. Qd4+ Kb8 49. a4 Qc1 50. Qe3 Qc2+ 51. Kg1 Be6 52. a5 Qa2 53. Qe5+ Ka8 54. Qb5 Qa1+ 55. Kh2 Bc8 56. a6 1-0

[Event "BCF-chT3 1112 (4NCL)"]
[Site "England"]
[Date "2012.04.01"]
[Round "8.101"]
[White "Lalic, Peter"]
[Black "Jones, Christopher M"]
[Result "1/2-1/2"]
[WhiteElo "2066"]
[BlackElo "2051"]
[PlyCount "35"]
[EventDate "2011.11.12"]
[EventType "team-swiss"]
[EventRounds "11"]
[EventCountry "ENG"]
[SourceTitle "EXT 2013"]
[Source "ChessBase"]
[SourceDate "2012.11.22"]
[SourceVersion "1"]
[SourceVersionDate "2012.11.22"]
[SourceQuality "1"]
[WhiteTeam "Guildford III"]
[BlackTeam "The Rookies"]
[WhiteTeamCountry "ENG"]
[BlackTeamCountry "ENG"]

1. d4 d5 2. Nf3 Nf6 3. Bg5 e6 4. Nbd2 c5 5. c3 Qb6 6. Qb3 Nc6 7. Qxb6 axb6 8. e3 Bd6 9. Bf4 Bxf4 10. exf4 Bd7 11. a3 cxd4 12. Nxd4 Nxd4 13. cxd4 0-0 14. Bd3 Rac8 15. Ke2 Ne8 16. Rhc1 Nd6 17. Rxc8 Rxc8 18. a4 1/2-1/2

[Event "BCF-chT3S 1112 (4NCL)"]
[Site "England"]
[Date "2012.01.15"]
[Round "4.3"]
[White "Yeo, Michael J"]
[Black "Jones, Christopher M"]
[Result "1/2-1/2"]
[WhiteElo "2135"]
[BlackElo "2051"]
[PlyCount "69"]
[EventDate "2011.11.12"]
[EventType "team-swiss"]
[EventRounds "6"]
[EventCountry "ENG"]
[SourceTitle "EXT 2013"]
[Source "ChessBase"]
[SourceDate "2012.11.22"]
[SourceVersion "1"]
[SourceVersionDate "2012.11.22"]
[SourceQuality "1"]
[WhiteTeam "Wessex"]
[BlackTeam "The Rookies"]
[WhiteTeamCountry "ENG"]
[BlackTeamCountry "ENG"]

1. Nf3 Nc6 2. d4 d5 3. c4 e5 4. Nxe5 Nxe5 5. dxe5 d4 6. e3 Bb4+ 7. Nd2 Ne7 8. a3 dxe3 9. axb4 exd2+ 10. Qxd2 0-0 11. Qxd8 Rxd8 12. Bd2 Nc6 13. Bc3 Bf5 14. Be2 Nd4 15. Bxd4 Rxd4 16. 0-0 Rd2 17. Bf3 Rxb2 18. Bxb7 Rb8 19. Bd5 R2xb4 20. g4 Bd3 21. Rfc1 Rb1 22. Kg2 Rxc1 23. Rxc1 g5 24. Rc3 Be2 25. h3 Rb4 26. Kh2 a5 27. Ra3 Bxc4 28. Rxa5 Kg7 29. e6 fxe6 30. Bxc4 Rxc4 31. Rxg5+ Kf6 32. Rh5 Kg6 33. Re5 Kf6 34. Rh5 Kg6 35. Re5 1/2-1/2

[Event "BCF-chT3S 1112 (4NCL)"]
[Site "England"]
[Date "2012.01.14"]
[Round "3.1"]
[White "Jones, Christopher M"]
[Black "Maciol, Ryszard"]
[Result "1-0"]
[WhiteElo "2051"]
[BlackElo "2185"]
[PlyCount "81"]
[EventDate "2011.11.12"]
[EventType "team-swiss"]
[EventRounds "6"]
[EventCountry "ENG"]
[SourceTitle "EXT 2013"]
[Source "ChessBase"]
[SourceDate "2012.11.22"]
[SourceVersion "1"]
[SourceVersionDate "2012.11.22"]
[SourceQuality "1"]
[WhiteTeam "The Rookies"]
[BlackTeam "British Universities CA"]
[WhiteTeamCountry "ENG"]
[BlackTeamCountry "ENG"]

1. e4 e6 2. d4 d5 3. e5 c5 4. c3 Qb6 5. Nf3 Nc6 6. Be2 cxd4 7. cxd4 Nge7 8. Na3 Nf5 9. Nc2 Bb4+ 10. Kf1 h5 11. g3 Be7 12. Kg2 Bd7 13. b4 Rc8 14. Rb1 g5 15. Bxg5 Bxg5 16. Nxg5 Nfxd4 17. Nxd4 Qxd4 18. Bxh5 Qxd1 19. Bxd1 Nxe5 20. h4 Ke7 21. Re1 Nd3 22. Re3 Nc1 23. Ra3 a6 24. Ba4 Bxa4 25. Rxa4 Rc4 26. Ra5 Ne2 27. Rc5 Rc8 28. Rxc8 Rxc8 29. Rb2 Nc3 30. Nf3 f6 31. g4 Rc4 32. g5 b5 33. Rc2 fxg5 34. Ne5 Rc7 35. hxg5 Kd6 36. f4 d4 37. g6 Rg7 38. Kf3 Kd5 39. Rh2 Rg8 40. Rh7 Rd8 41. g7 1-0

[Event "BCF-chT3 1011 (4NCL)"]
[Site "England"]
[Date "2011.04.30"]
[Round "9.38"]
[White "Turner, John M"]
[Black "Jones, Christopher M"]
[Result "1/2-1/2"]
[WhiteElo "2071"]
[BlackElo "2024"]
[PlyCount "53"]
[EventDate "2010.11.06"]
[EventType "team-swiss"]
[EventRounds "9"]
[EventCountry "ENG"]
[SourceTitle "EXT 2012"]
[Source "ChessBase"]
[SourceDate "2011.11.24"]
[SourceVersion "1"]
[SourceVersionDate "2011.11.24"]
[SourceQuality "1"]
[WhiteTeam "Holmes Chapel"]
[BlackTeam "The Rookies"]
[WhiteTeamCountry "ENG"]
[BlackTeamCountry "ENG"]

1. e4 e5 2. Nf3 Nc6 3. Nc3 Nf6 4. Bb5 Nd4 5. Ba4 Bc5 6. Nxe5 Qe7 7. Nd3 Nxe4 8. 0-0 Nxc3 9. dxc3 Ne6 10. Nxc5 Qxc5 11. Be3 Qa5 12. Bb3 d6 13. Qd5 Qxd5 14. Bxd5 0-0 15. Rad1 Nd8 16. Rfe1 Be6 17. c4 Re8 18. b3 Nc6 19. Bxc6 bxc6 20. Kf1 a6 21. f3 Bf5 22. Rd2 Kf8 23. Bd4 Rxe1+ 24. Kxe1 Re8+ 25. Kf2 h5 26. Bc3 Re7 27. Ba5 1/2-1/2

[Event "BCF-chT3 1011 (4NCL)"]
[Site "England"]
[Date "2011.01.15"]
[Round "3.43"]
[White "Horton, Jamie A"]
[Black "Jones, Christopher M"]
[Result "1/2-1/2"]
[WhiteElo "1882"]
[BlackElo "2024"]
[PlyCount "60"]
[EventDate "2010.11.06"]
[EventType "team-swiss"]
[EventRounds "9"]
[EventCountry "ENG"]
[SourceTitle "EXT 2012"]
[Source "ChessBase"]
[SourceDate "2011.11.24"]
[SourceVersion "1"]
[SourceVersionDate "2011.11.24"]
[SourceQuality "1"]
[WhiteTeam "3CS Oldham II"]
[BlackTeam "The Rookies"]
[WhiteTeamCountry "ENG"]
[BlackTeamCountry "ENG"]

1. e4 e5 2. Nf3 Nc6 3. d4 exd4 4. Bc4 Nf6 5. e5 d5 6. Bb5 Ne4 7. Nxd4 Bd7 8. Bxc6 bxc6 9. 0-0 Bc5 10. f3 Ng5 11. f4 Ne4 12. Nc3 Qh4 13. Be3 Rb8 14. Nxe4 dxe4 15. b3 Rd8 16. c3 0-0 17. Qc2 Bxd4 18. cxd4 f5 19. Qc4+ Kh8 20. e6 Be8 21. Qc5 Rd6 22. d5 cxd5 23. Qxc7 Rxe6 24. Qc5 Rg8 25. Qxd5 Rh6 26. h3 Rg6 27. Kh1 Qg3 28. Qd2 Bb5 29. Rfd1 a6 30. Qf2 Qxf2 1/2-1/2

[Event "BCF-chT3 1011 (4NCL)"]
[Site "England"]
[Date "2010.11.07"]
[Round "2.45"]
[White "Neatherway, A Philip"]
[Black "Jones, Christopher M"]
[Result "0-1"]
[WhiteElo "1930"]
[BlackElo "2024"]
[PlyCount "94"]
[EventDate "2010.11.06"]
[EventType "team-swiss"]
[EventRounds "9"]
[EventCountry "ENG"]
[SourceTitle "CBM 139 Extra"]
[Source "ChessBase"]
[SourceDate "2011.01.05"]
[SourceVersion "1"]
[SourceVersionDate "2011.01.05"]
[SourceQuality "1"]
[WhiteTeam "Oxford III"]
[BlackTeam "The Rookies"]
[WhiteTeamCountry "ENG"]
[BlackTeamCountry "ENG"]

1. e4 e5 2. Nf3 Nc6 3. Bb5 a6 4. Ba4 Nf6 5. Qe2 b5 6. Bb3 Be7 7. c3 d6 8. 0-0 Bg4 9. h3 Bh5 10. a4 b4 11. a5 0-0 12. Rd1 Qb8 13. Bc4 Nd8 14. d4 Qb7 15. dxe5 dxe5 16. Bg5 Ne6 17. Bxf6 Bxf6 18. Nbd2 Nf4 19. Qe3 Rfd8 20. Bf1 Bg6 21. g3 Ne6 22. Nc4 bxc3 23. Rxd8+ Rxd8 24. bxc3 Bxe4 25. Nfxe5 Bg5 26. Qe2 Bd5 27. Ne3 Bf6 28. N3g4 Be7 29. Qxa6 Qb2 30. Rd1 Qxc3 31. Qe2 Qxa5 32. Ne3 Bb7 33. Rxd8+ Bxd8 34. Qb2 Qb6 35. Qa2 Qd4 36. Qb1 Qe4 37. Qxe4 Bxe4 38. Bc4 Bf6 39. Nd7 Bd4 40. Nd5 Ng5 41. Ne7+ Kh8 42. Ba2 Nxh3+ 43. Kf1 Ng5 44. f4 Ne6 45. f5 Nc5 46. Nf8 Bf6 47. Nc8 Bxf5 0-1

[Event "BCF-chT3 0910 (4NCL)"]
[Site "England"]
[Date "2010.03.28"]
[Round "8.3"]
[White "Jones, Christopher M"]
[Black "Bayliss, Lyall CP"]
[Result "1-0"]
[WhiteElo "1964"]
[BlackElo "1960"]
[PlyCount "71"]
[EventDate "2009.10.24"]
[EventType "team-tourn"]
[EventRounds "11"]
[EventCountry "ENG"]
[SourceTitle "EXT 2011"]
[Source "ChessBase"]
[SourceDate "2010.11.26"]
[SourceVersion "1"]
[SourceVersionDate "2010.11.26"]
[SourceQuality "1"]
[WhiteTeam "e2e4.org.uk II"]
[BlackTeam "KJCA Kings"]
[WhiteTeamCountry "ENG"]
[BlackTeamCountry "ENG"]

1. e4 e5 2. Nf3 Nc6 3. d4 exd4 4. Nxd4 Nf6 5. Nc3 Bb4 6. Nxc6 bxc6 7. Bd3 d5 8. exd5 cxd5 9. 0-0 0-0 10. Bg5 c6 11. Qf3 Be7 12. Rfe1 Be6 13. h3 Rb8 14. Rab1 h6 15. Bf4 Bd6 16. Ne2 Qc7 17. Bxh6 Ne4 18. Bf4 Bxf4 19. Qxf4 Qa5 20. Nd4 Bd7 21. Nb3 Qxa2 22. Bxe4 dxe4 23. Nc5 Qd5 24. Nxd7 Qxd7 25. Rxe4 Rb5 26. Qe3 Qb7 27. b3 Qb6 28. Qg3 Qd8 29. Rbe1 Rc5 30. c4 Rg5 31. Qe3 Ra5 32. b4 Ra2 33. Qc5 g6 34. Qxc6 Qd2 35. Qc5 Qd7 36. Re7 1-0